Online Public Access Catalogue

Clinical Biochemistry Metabolic and Clinical aspects (Record no. 5914)

MARC details
000 -LEADER
fixed length control field 00407nam a2200145Ia 4500
020 ## - INTERNATIONAL STANDARD BOOK NUMBER
International Standard Book Number 9780443101861
082 ## - DEWEY DECIMAL CLASSIFICATION NUMBER
Classification number 612.015
Author Mark MAR
Edition number 7666
100 ## - MAIN ENTRY--PERSONAL NAME
Author Name Marshall,William J.
245 #0 - TITLE STATEMENT
Title Clinical Biochemistry Metabolic and Clinical aspects
Statement of responsibility, etc. Marshall,William J.
250 ## - EDITION STATEMENT
Edition statement 2nd
260 ## - PUBLICATION, DISTRIBUTION, ETC.
Place of publication, distribution, etc. Edinburgh
Name of publisher, distributor, etc. Churchill Livingstone Elsevier
Date of publication, distribution, etc. 2008
300 ## - PHYSICAL DESCRIPTION
No of Pages 984
illustrations ill
650 ## - SUBJECT ADDED ENTRY--TOPICAL TERM
Subject Biochemistry.
942 ## - ADDED ENTRY ELEMENTS (KOHA)
Koha item type Books
Source of classification or shelving scheme
952 ## - LOCATION AND ITEM INFORMATION (KOHA)
-- 2018-03-16
Holdings
Withdrawn status Lost status Source of classification or shelving scheme Damaged status Not for loan Home library Current library Shelving location Date acquired Total Checkouts Full call number Barcode Date last seen Koha item type
          Islamabad Medical and Dental College Islamabad Medical and Dental College Islamabad Medical and Dental College 16/03/2018   612.015 MAR 7666 16/03/2018 Books

Copyright @ IMDC Library
Islamabad Medical and Dental College
Bhara Kahu, Islamabad

  Contact the Librarian, IMDC
  Email:: library@imdcollege.edu.pk

  OPAC Customized by
  Mazhar Hussain,
  Librarian:
  Islamabad Medical and Dental College
  Email:: library@imdcollege.edu.pk